000 00376pab a2200157 454500
008 180718b2007 xxu||||| |||| 00| 0 eng d
100 _aManning, Richard
245 _aPro-poor growth: negotiating consensus on a contentious issue
260 _c2007
300 _ap.42-47.
362 _aJun
650 _aPoverty
773 _aDevelopment
908 _aN
909 _a75680
999 _c75680
_d75680